000 00447pab a2200157 454500
008 180718b1989 xxu||||| |||| 00| 0 eng d
100 _aDatt, Sunil
245 _aCAS (Credit Authorisation Scheme) Swan song or metamorphosis? Profile of bank credit to medium and large industry
260 _c1989
300 _aM160-8
362 _a25 Nov.
650 _aBanks
700 _aJ.K. Sinha
773 _aEconomic and Political Weekly
909 _a4213
999 _c4213
_d4213